| 000 | 00905cam a2200301 i 4500 | ||
|---|---|---|---|
| 001 | 1163374 | ||
| 003 | EG-ScBUE | ||
| 005 | 20260512090003.0 | ||
| 008 | 960709t1996 gw f b 000 0 eng d | ||
| 020 | _a3540570292 | ||
| 020 | _a9783540570295 | ||
| 040 |
_aDLC _beng _erda _cDLC _dDLC _dEG-ScBUE |
||
| 082 | 0 | 4 |
_a512.24 _222 _bJAC |
| 100 | 1 |
_aJacobson, Nathan, _d1910-1999, _eauthor. |
|
| 245 | 1 | 0 |
_aFinite-dimensional division algebras over fields / _cNathan Jacobson. |
| 264 | 1 |
_aBerlin : _bSpringer, _c[1996] |
|
| 264 | 4 | _cc1996 | |
| 300 |
_aviii, 278 pages ; _c24 cm |
||
| 336 |
_2rdacontent _atext _btxt |
||
| 337 |
_aunmediated _2rdamedia _bn |
||
| 338 |
_avolume _bnc _2rdacarrier |
||
| 504 | _aIncludes bibliographical references. | ||
| 650 | 7 |
_aDivision algebras. _2BUEsh |
|
| 650 | 7 |
_aAlgebraic fields. _2BUEsh |
|
| 653 |
_bGGEN _cDecember2017 |
||
| 655 | _vReading book | ||
| 942 |
_2ddc _cBB |
||
| 999 |
_c25740 _d25712 |
||